Statistics for All flag emojis

Click here to take the quiz!

General Stats

  • This quiz has been taken 23 times
  • The average score is 74 of 268

Answer Stats

Answer% Correct
Canada
67%
United States
67%
Afghanistan
56%
Australia
56%
China
56%
France
56%
India
56%
Mexico
56%
Spain
56%
United Kingdom
56%
Brazil
50%
Germany
50%
South Africa
50%
Algeria
44%
Austria
44%
Bahamas
44%
Cuba
44%
Dominica
44%
Dominican Republic
44%
Egypt
44%
Fiji
44%
Iceland
44%
Japan
44%
Nepal
44%
Nicaragua
44%
Philippines
44%
Russia
44%
Sweden
44%
Switzerland
44%
United Arab Emirates
44%
Albania
39%
Argentina
39%
Belgium
39%
Chile
39%
Costa Rica
39%
Czech Republic
39%
Finland
39%
French Guiana
39%
Greece
39%
Guatemala
39%
Haiti
39%
Honduras
39%
Indonesia
39%
Iran
39%
Iraq
39%
Israel
39%
Kenya
39%
Kosovo
39%
Libya
39%
Luxembourg
39%
Morocco
39%
Nauru
39%
Netherlands
39%
New Zealand
39%
Niger
39%
Nigeria
39%
North Korea
39%
Norway
39%
Pakistan
39%
Peru
39%
Poland
39%
Portugal
39%
Saint Vincent and the Grenadines
39%
Slovenia
39%
South Korea
39%
Suriname
39%
Uganda
39%
Zambia
39%
American Samoa
33%
Antigua and Barbuda
33%
Aruba
33%
Barbados
33%
Cambodia
33%
Cameroon
33%
Colombia
33%
Croatia
33%
Democratic Republic of the Congo
33%
Denmark
33%
Ecuador
33%
El Salvador
33%
England
33%
Eritrea
33%
Estonia
33%
Ethiopia
33%
F.S. Micronesia
33%
Gabon
33%
Gambia
33%
Greenland
33%
Grenada
33%
Guinea
33%
Guinea-Bissau
33%
Guyana
33%
Hungary
33%
Ireland
33%
Italy
33%
Jamaica
33%
Jordan
33%
Kazakhstan
33%
Kuwait
33%
Kyrgyzstan
33%
Laos
33%
Latvia
33%
Lithuania
33%
Malaysia
33%
Mali
33%
Malta
33%
Mauritania
33%
Mauritius
33%
Palau
33%
Panama
33%
Qatar
33%
Republic of the Congo
33%
Romania
33%
Saint Kitts and Nevis
33%
Saint Lucia
33%
Samoa
33%
Saudi Arabia
33%
Seychelles
33%
Singapore
33%
Slovakia
33%
Sri Lanka
33%
Sudan
33%
Syria
33%
Taiwan
33%
Thailand
33%
Turkey
33%
Tuvalu
33%
Ukraine
33%
Uruguay
33%
Venezuela
33%
Vietnam
33%
Zimbabwe
33%
Andorra
28%
Angola
28%
Armenia
28%
Azerbaijan
28%
Bahrain
28%
Belarus
28%
Belize
28%
Bhutan
28%
Bolivia
28%
Brunei
28%
Cape Verde
28%
East-Timor
28%
Equatorial Guinea
28%
eSwatini
28%
Falkland Islands
28%
Georgia
28%
Kiribati
28%
Lesotho
28%
Liberia
28%
Liechtenstein
28%
Malawi
28%
Maldives
28%
Marshall Islands
28%
Moldova
28%
Monaco
28%
Mongolia
28%
Mozambique
28%
Myanmar
28%
North Macedonia
28%
Oman
28%
Paraguay
28%
Rwanda
28%
San Marino
28%
São Tomé & Príncipe
28%
Scotland
28%
Senegal
28%
Serbia
28%
Somalia
28%
South Sudan
28%
Tanzania
28%
Togo
28%
Tonga
28%
Trinidad and Tobago
28%
Turkmenistan
28%
Vanuatu
28%
Vatican City
28%
Wales
28%
Yemen
28%
Bangladesh
22%
Bermuda
22%
Bosnia and Herzegovina
22%
Bulgaria
22%
Burundi
22%
Central African Republic
22%
Chad
22%
Comoros
22%
Curaçao
22%
Cyprus
22%
Djibouti
22%
Ghana
22%
Guam
22%
Hong Kong
22%
Ivory Coast
22%
Lebanon
22%
Madagascar
22%
Montenegro
22%
Papua New Guinea
22%
Puerto Rico
22%
Sierra Leone
22%
Solomon Islands
22%
Tajikistan
22%
Uzbekistan
22%
Botswana
17%
British Virgin Islands
17%
Burkina Faso
17%
Cook Islands
17%
Faroe Islands
17%
Isle of Man
17%
Jersey
17%
Martinique
17%
Namibia
17%
Réunion
17%
U.S. Virgin Islands
17%
Anguilla
11%
Christmas Island
11%
French Polynesia
11%
Gibraltar
11%
Guernsey
11%
Montserrat
11%
New Caledonia
11%
Niue
11%
Norfolk Island
11%
Saint helena
11%
Saint Martin
11%
Sint Maarten
11%
Western Sahara
11%
Black flag
6%
Caribbean Netherlands
6%
Cayman Islands
6%
Macao
6%
Mayotte
6%
Northern Mariana Islands
6%
Palestinian Territories
6%
Pirate flag
6%
Pitcairn Islands
6%
Rainbow flag
6%
Saint Barthélemy
6%
Saint Pierre and Miquelon
6%
Tokelau
6%
Tristan Da Cunha
6%
Turks and Caicos Islands
6%
White flag
6%
Åland Islands
0%
Antartica
0%
Asencion Island
0%
Bouvet Island
0%
British Indian Ocean Territory
0%
Canary Islands
0%
Ceuta and Melilla
0%
Chequered flag
0%
Clipperton Island
0%
Cocos Islands
0%
Crossed Japan
0%
European Union
0%
French Southern Territories
0%
Guadaloupe
0%
Heard and Mcdonald Islands
0%
South Georgia and the South Sandwich Islands
0%
Svalbard and Jan Mayen
0%
Texas
0%
Transgender flag
0%
Triangluar flag
0%
Tunesia
0%
United Nations
0%
U.S. Outlaying Islands
0%
Wallis and Fortuna
0%

Score Distribution

Percentile by Number Answered

Percent of People with Each Score

Your Score History

You have not taken this quiz